00621nam a2200181Ia 4500952012900000999001700129003000400146005001700150008004100167020001800208040000900226082001800235100003400253245006300287260003800350300000900388942004200397 00102ddc40708LAWaMESbMEScISLd2019-02-20g195.00l0o340.59 SAD/Lp38838r2019-02-20 00:00:00w2019-02-20yBKzGL47R2 c21817d21817OSt20200519110745.0190216s9999||||xx |||||||||||||| ||und|| a9781851683932 coclc a340.59bSAD/L aSadr, Muhammad Baqir AS92417 0aLessons In Islamic Jurisprudence /cMuhammad Baqir AS Sadr bOneworld Oxford,c2007.aEngland: a208p cBK2ddch340.59iSAD/Lk340.59mSAD/L